000 01253nmm a2200337 i 4500
001 bg
003 BPK
005 20201117142538.0
006 m f d
007 co cg nnnunuuu
008 s2007 pl f f |000 0 pol d
020 _a9788373651326
040 _cBPK
080 _a62
080 _a(075.8)
080 _a(0.034.44)
100 1 _aSłowiński, Bronisław
_eAutor
245 1 0 _aWprowadzenie do nauki o technice
_h[Dokument elektroniczny] /
_cBronisław Słowiński ; Politechnika Koszalińska.
260 _aKoszalin :
_bWydawnictwo Uczelniane Politechniki Koszalińskiej,
_c2007.
300 _a1 dysk optyczny (CD-ROM) ;
_c12 cm.
500 _aTyt. z ekranu tytułowego.
504 _aBibliogr.
521 8 _aSkrypt Wydziału Mechanicznego
655 _aPodręczniki akademickie
650 4 _aTechnika
655 _aDokumenty elektroniczne
710 2 _aPolitechnika Koszalińska.
_bWydawnictwo Uczelniane.
_eWydawca.
856 _uhttp://dlibra.tu.koszalin.pl/dlibra/docmetadata?id=45&from=&dirids=1&ver_id=&lp=1&QI=
_yBiblioteka Cyfrowa
942 _cCD
_2UKD
856 _uhttp://koha.tu.koszalin.pl/cgi-bin/koha/opac-detail.pl?biblionumber=41170
_yKatalog online BPK
999 _c41170
_d41170